000 00517nam a22001937a 4500
005 20140310183629.0
008 131115b xxu||||| |||| 00| 0 eng d
020 _a9712704777
050 _aPL 6058.6
_b.B594 1996
082 _aFIL 899.211
_bB48 1996
100 _aBigornia, Mike L.
245 _aProsang itim /
_bMike L. Bigornia.
260 _aPasig, Filipinas :
_bAnvil Pub.,
_c1996.
300 _axxii, 113 p. :
_bill. ;
_c21 cm.
942 _2lcc
_cBK
999 _c25563
_d25563